A new short guide to the accentuation of ancient Greek / (Record no. 37)

MARC details
000 -LEADER
fixed length control field 01126cam a22003134a 4500
001 - CONTROL NUMBER
control field 14084522
005 - DATE AND TIME OF LATEST TRANSACTION
control field 20200421093817.0
008 - FIXED-LENGTH DATA ELEMENTS--GENERAL INFORMATION
fixed length control field 020218s2003 enk b 001 0 eng c
010 ## - LIBRARY OF CONGRESS CONTROL NUMBER
LC control number 2005440304
015 ## - NATIONAL BIBLIOGRAPHY NUMBER
National bibliography number GBA2-Y3043
020 ## - INTERNATIONAL STANDARD BOOK NUMBER
International Standard Book Number 1853995991 (pbk.)
035 ## - SYSTEM CONTROL NUMBER
System control number (OCoLC)ocm56040243
040 ## - CATALOGING SOURCE
Original cataloging agency UBY
Transcribing agency UBY
Modifying agency DLC
041 0# - LANGUAGE CODE
Language code of text/sound track or separate title eng
-- grc
042 ## - AUTHENTICATION CODE
Authentication code pcc
050 00 - LIBRARY OF CONGRESS CALL NUMBER
Classification number PA269
Item number .P76 2003
082 00 - DEWEY DECIMAL CLASSIFICATION NUMBER
Classification number 481/.6
Edition information 22
100 1# - MAIN ENTRY--PERSONAL NAME
Personal name Probert, Philomen.
9 (RLIN) 610
245 12 - TITLE STATEMENT
Title A new short guide to the accentuation of ancient Greek /
Statement of responsibility, etc. Philomen Probert.
260 ## - PUBLICATION, DISTRIBUTION, ETC.
Place of publication, distribution, etc. Bristol :
Name of publisher, distributor, etc. Bristol Classical,
Date of publication, distribution, etc. 2003.
300 ## - PHYSICAL DESCRIPTION
Extent 215 p. ;
Dimensions 22 cm.
490 1# - SERIES STATEMENT
Series statement BCP advanced language series
504 ## - BIBLIOGRAPHY, ETC. NOTE
Bibliography, etc. note Includes bibliographical references (p. xv-xix) and indexes.
650 #0 - SUBJECT ADDED ENTRY--TOPICAL TERM
Topical term or geographic name entry element Greek language
General subdivision Accents and accentuation.
9 (RLIN) 611
830 #0 - SERIES ADDED ENTRY--UNIFORM TITLE
Uniform title Advanced language series.
9 (RLIN) 612
906 ## - LOCAL DATA ELEMENT F, LDF (RLIN)
a 7
b cbc
c pccadap
d 2
e ncip
f 20
g y-gencatlg
942 ## - ADDED ENTRY ELEMENTS (KOHA)
Source of classification or shelving scheme Dewey Decimal Classification
Koha item type Books
Holdings
Withdrawn status Lost status Damaged status Not for loan Collection Home library Current library Shelving location Date acquired Barcode Date last seen Price effective from Koha item type
        Reference Centerville Centerville General stacks 09/04/2014 39999000001594 09/04/2014 09/04/2014 Books